<?xml version="1.0" encoding="UTF-8"?>
<collection xmlns="http://www.loc.gov/MARC21/slim">
 <record>
  <leader>01441aam a22002178a 4500</leader>
  <controlfield tag="001">NCT_1794</controlfield>
  <controlfield tag="008">140526s2014                  ||||||viesd</controlfield>
  <datafield tag="999" ind1=" " ind2=" ">
   <subfield code="c">97</subfield>
   <subfield code="d">97</subfield>
  </datafield>
  <datafield tag="020" ind1=" " ind2=" ">
   <subfield code="a">9786040017666</subfield>
   <subfield code="c">110000</subfield>
  </datafield>
  <datafield tag="082" ind1="0" ind2="4">
   <subfield code="2">23rd ed.</subfield>
   <subfield code="a">546</subfield>
   <subfield code="b">A103</subfield>
  </datafield>
  <datafield tag="100" ind1="1" ind2=" ">
   <subfield code="a">Nguyễn Duy Ái</subfield>
  </datafield>
  <datafield tag="245" ind1="1" ind2="0">
   <subfield code="a">Một số phản ứng trong hoá học vô cơ</subfield>
   <subfield code="c">Nguyễn Duy Ái</subfield>
  </datafield>
  <datafield tag="250" ind1=" " ind2=" ">
   <subfield code="a">Tái bản lần thứ 2</subfield>
  </datafield>
  <datafield tag="260" ind1=" " ind2=" ">
   <subfield code="a">H.</subfield>
   <subfield code="b">Giáo dục</subfield>
   <subfield code="c">2014</subfield>
  </datafield>
  <datafield tag="300" ind1=" " ind2=" ">
   <subfield code="a">415tr.</subfield>
   <subfield code="b">hình vẽ, bảng</subfield>
   <subfield code="c">27cm</subfield>
  </datafield>
  <datafield tag="520" ind1="3" ind2=" ">
   <subfield code="a">Nội dung tài liệu trình bày sự biến đổi năng lượng của các quá trình hoá học, chiều của các phản ứng hoá học, tốc độ phản ứng hoá học và giới thiệu các loại phản ứng chính trong hoá vô cơ, phản ứng kết tủa, phản ứng axit - bazơ và phản ứng oxi hoá khử</subfield>
  </datafield>
  <datafield tag="942" ind1=" " ind2=" ">
   <subfield code="2">ddc</subfield>
   <subfield code="c">BK</subfield>
  </datafield>
  <datafield tag="952" ind1=" " ind2=" ">
   <subfield code="0">0</subfield>
   <subfield code="1">0</subfield>
   <subfield code="2">ddc</subfield>
   <subfield code="4">0</subfield>
   <subfield code="6">546_000000000000000_A103</subfield>
   <subfield code="7">0</subfield>
   <subfield code="9">394</subfield>
   <subfield code="a">000001</subfield>
   <subfield code="b">000001</subfield>
   <subfield code="d">2017-10-04</subfield>
   <subfield code="o">546 A103</subfield>
   <subfield code="p">MD.00310</subfield>
   <subfield code="r">2017-10-04</subfield>
   <subfield code="v">110000.00</subfield>
   <subfield code="w">2017-10-04</subfield>
   <subfield code="y">BK</subfield>
  </datafield>
  <datafield tag="952" ind1=" " ind2=" ">
   <subfield code="0">0</subfield>
   <subfield code="1">0</subfield>
   <subfield code="2">ddc</subfield>
   <subfield code="4">0</subfield>
   <subfield code="6">546_000000000000000_A103</subfield>
   <subfield code="7">0</subfield>
   <subfield code="9">395</subfield>
   <subfield code="a">000001</subfield>
   <subfield code="b">000001</subfield>
   <subfield code="d">2017-10-04</subfield>
   <subfield code="o">546 A103</subfield>
   <subfield code="p">MD.00311</subfield>
   <subfield code="r">2017-10-04</subfield>
   <subfield code="v">110000.00</subfield>
   <subfield code="w">2017-10-04</subfield>
   <subfield code="y">BK</subfield>
  </datafield>
  <datafield tag="952" ind1=" " ind2=" ">
   <subfield code="0">0</subfield>
   <subfield code="1">0</subfield>
   <subfield code="2">ddc</subfield>
   <subfield code="4">0</subfield>
   <subfield code="6">546_000000000000000_A103</subfield>
   <subfield code="7">0</subfield>
   <subfield code="9">396</subfield>
   <subfield code="a">000001</subfield>
   <subfield code="b">000001</subfield>
   <subfield code="d">2017-10-04</subfield>
   <subfield code="l">1</subfield>
   <subfield code="o">546 A103</subfield>
   <subfield code="p">MD.00312</subfield>
   <subfield code="r">2017-11-29</subfield>
   <subfield code="s">2017-11-15</subfield>
   <subfield code="v">110000.00</subfield>
   <subfield code="w">2017-10-04</subfield>
   <subfield code="y">BK</subfield>
  </datafield>
  <datafield tag="980" ind1=" " ind2=" ">
   <subfield code="a">Thư viện Trường Đại học Nam Cần Thơ</subfield>
  </datafield>
 </record>
</collection>
